01369nam a2200265 4500001000700000003000900007005001700016008004100033040004900074041000800123082002600131110004600157245009000203250002800293260003700321300002600358505016400384651004100548942001200589999001900601952012200620952012200742952012200864952011700986113594DR-UNIBE20250512091402.0250512b |||||||| |||| 00| 0 spa d aBIBLIOTECA UNIBEcBIBLIOTECA UNIBEbspaerda aspa 222a342.7295029 P977d10aPuerto Rico. Constituyente9195210eautor10aDiario de sesiones de la Convención Constituyente de Puerto Rico : b1951 y 1952 / aEdición conmemorativa aHato Rey : bLexis-Nexis, c2003 a4 tomos :c22 x 15 cm aTomo 1: Sesión inaugural, septiembre 17, 1951 | Tomo 2: Sesión diciembre 11 , 1951 | Tomo 3: Sesiones enero , 1952 Tomo 4: sesiones febrero y julio, 1952  aPuerto RicoxConstitución 9194806 2ddccBK c113594d113594 00102ddc708GENaPrincipald2025-04-08l0o342.7295029 P977dp250429r2025-05-12 08:50:12tT.1 Ej.1w2025-05-12yBK 00102ddc708GENaPrincipald2025-04-08l0o342.7295029 P977dp250430r2025-05-12 08:50:12tT.2 Ej.1w2025-05-12yBK 00102ddc708GENaPrincipald2025-04-08l0o342.7295029 P977dp250431r2025-05-12 08:50:12tT.3 Ej.1w2025-05-12yBK 00102ddc70aPrincipald2025-04-08l0o342.7295029 P977dp250432r2025-05-12 08:53:40tT.4 Ej.1w2025-05-12yBK